| 000 | 004500000a22001690004500 | ||
|---|---|---|---|
| 090 |
_aAR _b02801 |
||
| 245 | 1 | 0 | _aCharacters of Mammals |
| 650 | 1 | 4 |
_aMamíferos _992510 |
| 650 | 1 | 4 |
_aHistoria natural _993979 |
| 650 | 1 | 4 |
_aEvolución _992797 |
| 650 | 1 | 4 |
_aZoogeografía _993082 |
| 041 | 0 | _aInglés | |
| 700 | 1 |
_aJones, J. Knox _99498 |
|
| 100 | 1 |
_aAnderson, Sydney _99502 |
|
| 942 | _cARTICULO | ||
| 773 | 1 |
_tRecent Mammals of the World _31330 _q1-9 _d1984 |
|
| 999 |
_c11861 _d11861 |
||